| 000 | 00763nam a2200157 a 4500 | ||
|---|---|---|---|
| 008 | 220511s1997 ||||||||||||||||| || u | ||
| 050 | _aCBU(02)1997/1 | ||
| 100 | _aShah, Nitin | ||
| 245 | 1 | 0 |
_aUrban agriculture in Zambia : a case study of Kitwe . Research report No.1 _cBy The Copperbelt University (CBU) |
| 260 |
_aKitwe _bCopperbelt University _c1997 |
||
| 300 | _a46 pages : illustrations | ||
| 650 | _aURBAN AGRICULTURE--ZAMBIA--KITWE | ||
| 710 | _aCopperbelt University | ||
| 995 |
_aSPECIAL COLLECTIONS _e020832 _FCBU-MAIN LIBRARY (Kitwe) _jCBU(02)1997/1A _M1 _UAVAILABLE _WMay 11, 2022 _y020832 _ZUniversity Collection |
||
| 995 |
_aSPECIAL COLLECTIONS _e020833 _FCBU-MAIN LIBRARY (Kitwe) _jCBU(02)1997/1B _M2 _UAVAILABLE _WMay 11, 2022 _y020833 _ZUniversity Collection |
||
| 999 |
_c78534 _d78534 |
||